000 02190nam0a2200445 4500
001 RU\NLR\bibl\984057
005 20250614215327.0
010 _a5-88242-460-7
_9100
021 _aRU
_b2006-42067
_92101
035 _a(nilc)RSL-KNO-002910200
035 _a(NLR Aleph) 000971934
090 _a404731
_c404731
100 _a20060724d2006 |||y0rusy50 ca
101 0 _arus
102 _aRU
105 _ay |||||||||
106 _ar
200 1 _aПовышение экономической эффективности производства под воздействием информационных ресурсов
_fМ. В. Кильдюшевский
210 _aВоронеж
_cИстоки
_d2006
215 _a131 с.
_cил., табл.
_d20
320 _aБиблиогр.: с. 122-129
606 1 _aОбщественное производство
_xЭффективность
_92157511
_3RU\NLR\auth\661298717
606 1 _aПромышленность
_xИнформационные технологии
_92213950
_3RU\NLR\AUTH\6601563460
610 0 _aЭкономика -- Экономическая теория -- Воспроизводство -- Экономическая эффективность общественного производства
610 0 _aЭкономика -- Мировая экономика -- Управление -- Методы управления
610 0 _aЭкономика -- Российская Федерация -- Научно-технический прогресс -- Информационные технологии -- Экономическая эффективность
610 0 _aуправление информацией
610 0 _aуправление знаниями
610 0 _aинформационные ресурсы
686 1 _aУ9(2)-96-07
686 1 _aУ30(2)в612
700 1 _aКильдюшевский
_bМ. В.
_gМихаил Владимирович
_4070
801 0 _aRU
_bРКП
_c20060724
_grcr
801 1 _aRU
_bРГБ
_c20060724
801 2 _aRU
_bNLR
_c20060914
_grcr
942 _cBOOK
980 _aNB
980 _aNBR